<?xml version="1.0" encoding="UTF-8"?>
<record
    xmlns:xsi="http://www.w3.org/2001/XMLSchema-instance"
    xsi:schemaLocation="http://www.loc.gov/MARC21/slim http://www.loc.gov/standards/marcxml/schema/MARC21slim.xsd"
    xmlns="http://www.loc.gov/MARC21/slim">

  <leader>00435nam a22001337a 4500</leader>
  <controlfield tag="008">150327b        xxu||||| |||| 00| 0 eng d</controlfield>
  <datafield tag="020" ind1=" " ind2=" ">
    <subfield code="a">2847330240</subfield>
  </datafield>
  <datafield tag="082" ind1=" " ind2=" ">
    <subfield code="a">841</subfield>
    <subfield code="b">B 233p</subfield>
  </datafield>
  <datafield tag="100" ind1=" " ind2=" ">
    <subfield code="a">Barbe, Norbert-Bertrand</subfield>
    <subfield code="9">343</subfield>
  </datafield>
  <datafield tag="245" ind1=" " ind2=" ">
    <subfield code="a">(Un poco mas) de 20 poemas de odio y una cancion desesperada</subfield>
    <subfield code="c">Barbe, Norbert-Bertrand</subfield>
  </datafield>
  <datafield tag="300" ind1=" " ind2=" ">
    <subfield code="a">150</subfield>
    <subfield code="b">ill.</subfield>
    <subfield code="c">20.5 cm</subfield>
  </datafield>
  <datafield tag="650" ind1=" " ind2=" ">
    <subfield code="x">Literatura</subfield>
    <subfield code="x">Poesia</subfield>
    <subfield code="z">Francia</subfield>
    <subfield code="9">2296</subfield>
  </datafield>
  <datafield tag="700" ind1=" " ind2=" ">
    <subfield code="a">Barbe Norbert-Bertrand</subfield>
    <subfield code="9">343</subfield>
  </datafield>
  <datafield tag="999" ind1=" " ind2=" ">
    <subfield code="c">483</subfield>
    <subfield code="d">483</subfield>
  </datafield>
  <datafield tag="952" ind1=" " ind2=" ">
    <subfield code="0">0</subfield>
    <subfield code="1">0</subfield>
    <subfield code="2">ddc</subfield>
    <subfield code="4">0</subfield>
    <subfield code="7">0</subfield>
    <subfield code="a">LV</subfield>
    <subfield code="b">LV</subfield>
    <subfield code="c">Literatura</subfield>
    <subfield code="d">2015-03-27</subfield>
    <subfield code="l">0</subfield>
    <subfield code="o">841 B 233p</subfield>
    <subfield code="p">000043</subfield>
    <subfield code="r">2015-03-27 00:00:00</subfield>
    <subfield code="w">2015-03-27</subfield>
    <subfield code="y">01</subfield>
  </datafield>
</record>
